000 00329nam a22001457a 4500
008 210526b ||||| |||| 00| 0 eng d
020 _a9780781768290
041 _aeng
080 _29th
_a610.73
082 _a610.73
100 _a1
101 _aINF
245 _aCritical Care Nursing
_cPatricia G. Morton
942 _2udc
_cBK
999 _c57609
_d57609